The Oxford companion to english literature

Đã lưu trong:
Chi tiết về thư mục
Tác giả chính: Harvey, Paul (diplomático)
Định dạng: Sách
Ngôn ngữ:Tiếng Anh
Được phát hành: Oxford Clarendon Press 1967
Phiên bản:4a. ed
Những chủ đề:
Các nhãn: Thêm thẻ
Không có thẻ, Là người đầu tiên thẻ bản ghi này!

MARC

LEADER 00000nam a2200000 a 4500
001 UCR7563
003 CL-VaPUC
008 980519e19670000UK |||||||||||||||||eng|d
082 0 4 |a 820  |b HAR  |2 21 
100 |a Harvey, Paul  |e diplomático  |9 408860 
245 1 4 |a The Oxford companion to english literature 
250 |a 4a. ed 
300 |a 961 p 
942 |c BK 
945 |d 19980519 00:00:00  |a crobeson 
260 |a Oxford  |b Clarendon Press  |c 1967 
650 0 |a Literatura inglesa  |9 312907 
650 0 |a Diccionarios  |9 256200 
583 |a last modification  |c 19980519 00:00:00  |k Rodrigo Vera 
999 |c 269155  |d 269153 
952 |0 0  |1 0  |4 0  |6 820_000000000000000_HAR_1967  |7 0  |8 X  |9 302822  |a BIBEDU  |b BIBEDU  |d 2019-11-20  |i 1995103  |o 820 HAR 1967  |p 1995103  |r 2023-01-13  |w 2019-11-20  |y BK_X  |k LIT